Matematiko-statističeskije metody izučenija ekonomičeskoj effektivnosti proizvvodstva

Salvato in:
Dettagli Bibliografici
Autore principale: Jerina, Antonina Michajlovna
Natura: Libro
Lingua:russo
Pubblicazione: Moskva Finansy i statistika 1983
Serie:Matematičeskaja statistika dlja ekonomistov
Tags: Aggiungi Tag
Nessun Tag, puoi essere il primo ad aggiungerne!!

MARC

LEADER 00000nam a2200000 4500
001 c116806
005 20150325105511.4
041 0 |a rus 
044 |a RU 
245 1 0 |a Matematiko-statističeskije metody izučenija ekonomičeskoj effektivnosti proizvvodstva  |c Antonina Michajlovna Jerina 
264 1 |a Moskva  |b Finansy i statistika  |c 1983 
300 |a 191 s. 
490 1 |a Matematičeskaja statistika dlja ekonomistov 
830 0 |a Matematičeskaja statistika dlja ekonomistov 
100 1 |a Jerina, Antonina Michajlovna